000 00728cab a2200241 4500
001 WB3418-51
008 090401t1998 xxu||||| |||| 00| 0 eng d
035 _a(Sirsi) u86213
041 _aeng
245 _aScotland
260 _c1998
350 _a0
490 _aScotsman
_vSupplement 12 May 1998 (15) LOAN
520 _aSurvey on the regeneration of urban Scotland. Covers town and country planning, the revitalisation of football stadia, the regeneration of Ravenscraig and the future of public transport.
650 _aEDINBURGH
650 _aFOOTBALL STADIA
650 _aRAVENSCRAIG
650 _aSCOTLAND
650 _aURBAN REGENERATION
690 _aURBAN RENEWAL
942 _n0
948 _c14/05/1998
999 _c54234
_d54234